Elementary Business English: course book
Saved in:
| Main Authors: | , , |
|---|---|
| Format: | Book |
| Language: | English |
| Published: |
Essex
Pearson Education
2004
|
| Series: | Market Leader
|
| Subjects: | |
| Tags: |
Add Tag
No Tags, Be the first to tag this record!
|
MARC
| LEADER | 00000nam a2200000 a 4500 | ||
|---|---|---|---|
| 001 | UCG5988 | ||
| 003 | CL-VaPUC | ||
| 008 | 110331e20040000uk |||||||||||||||||eng|d | ||
| 020 | |a 9780582773271 | ||
| 082 | 0 | 4 | |a 428.01 |b COT |2 21 |
| 100 | 0 | |a Cotton, David |e author |9 555969 | |
| 700 | 0 | |a Falvey, David |e author |9 555970 | |
| 700 | 0 | |a Kent, Simon |e author |9 555971 | |
| 245 | 1 | 0 | |a Elementary Business English: course book |
| 300 | |a 160 p | ||
| 942 | |c BK | ||
| 945 | |d 20110331 00:00:00 |a dcastane | ||
| 260 | |a Essex |b Pearson Education |c 2004 | ||
| 500 | |a Incluye CD con archivos de tests | ||
| 650 | 0 | |a Enseñanza del inglés |9 367340 | |
| 650 | 0 | |a Lengua inglesa |9 318842 | |
| 650 | 7 | |a LIBRO DE TEXTO |2 CL-VaPUC |9 309176 | |
| 583 | |a last modification |c 20171204 01:46:55 |k Rodrigo Vera | ||
| 490 | 0 | |a Market Leader | |
| 999 | |c 344310 |d 344308 | ||
| 952 | |0 0 |1 0 |4 0 |6 428_010000000000000_COT_2004 |7 0 |8 A |9 442225 |a BIBGIM |b BIBGIM |d 2019-11-22 |i 4758528 |o 428.01 COT 2004 |p 4758528 |r 2025-01-15 |w 2019-11-22 |y BK |k COM | ||
| 952 | |0 0 |1 0 |4 0 |6 428_010000000000000_COT_2004 |7 0 |8 A |9 442226 |a BIBGIM |b BIBGIM |d 2019-11-22 |h cd |i 4758501 |o 428.01 COT 2004 |p 4758501 |r 2025-01-15 |w 2019-11-22 |y BK |k COM | ||